Le violier des histoire romaines (Record no. 167670)

MARC details
000 -LEADER
campo de control de longitud fija 00793nam a22002295i 4500
001 - NÚMERO DE CONTROL
campo de control 167670
003 - IDENTIFICADOR DE NÚMERO DE CONTROL
campo de control ES-MaACL
005 - FECHA Y HORA DE LA ÚLTIMA TRANSACCIÓN
campo de control 20250927102627.0
008 - DATOS DE LONGITUD FIJA--INFORMACIÓN GENERAL
campo de control de longitud fija 000209s1858 fr |||| | fre d
040 ## - FUENTE DE CATALOGACIÓN
Centro catalogador/agencia de origen CCPB | B
Lengua de catalogación spa
Centro/agencia transcriptor CCPB | B
245 03 - MENCIÓN DEL TÍTULO
Título Le violier des histoire romaines
Resto del título : ancienne traduction française des Gesta Romanorum.
250 ## - MENCION DE EDICION
Mención de edición Nouvelle éd. rev. et anot.
Resto de la mención de edición par G. Brunet.
260 ## - PUBLICACIÓN, DISTRIBUCIÓN, ETC.
Lugar de publicación, distribución, etc. Paris :
Nombre del editor, distribuidor, etc. P. Jannet,
Fecha de publicación, distribución, etc. 1858 (
Fabricante Guiraudet et Jouaust)
300 ## - DESCRIPCIÓN FÍSICA
Extensión XL, 439 p. ;
Dimensiones 17 cm.
490 1# - MENCIÓN DE SERIE
Mención de serie Bibliothèque Elzevirienne
630 04 - PUNTO DE ACCESO ADICIONAL DE MATERIA--TÍTULO UNIFORME
Título uniforme Gesta romanorum.
9 (RLIN) 155695
700 1# - ENTRADA AGREGADA--NOMBRE PERSONAL
Nombre de persona Brunet, Pierre-Gustave,
Fechas asociadas al nombre 1805-1896
9 (RLIN) 32158
830 0# - PUNTO DE ACCESO ADICIONAL DE SERIE-TÍTULO UNIFORME
Título uniforme Bibliothèque Elzevirienne
9 (RLIN) 180979
852 ## - LOCALIZACIÓN
Ubicación ES-MaACL
Número de control de estantería G-2415
Nota libre -- Enc. tela
Holdings
Estatus retirado Estado de pérdida Estado de daño No para préstamo Colección Biblioteca de origen Biblioteca actual Ubicación en estantería Fecha de adquisición Fuente de adquisición Total de préstamos Signatura topográfica completa Código de barras Visto por última vez Precio de reemplazo Tipo de ítem Koha
        Libros del s. XIX Biblioteca del Ateneo de Madrid Biblioteca del Ateneo de Madrid Depósito 2 17/01/2008     G-2415 1175905 23/02/2023 23/02/2023 Libro impreso antiguo